Phonics kit teacher's guide : (Record no. 113170)
[ view plain ]
| 000 -LEADER | |
|---|---|
| fixed length control field | 00613nam a2200193 a 4500 |
| 001 - CONTROL NUMBER | |
| control field | 2807 |
| 005 - DATE AND TIME OF LATEST TRANSACTION | |
| control field | 20140414132006.0 |
| 008 - FIXED-LENGTH DATA ELEMENTS--GENERAL INFORMATION | |
| fixed length control field | 051021s19uu xx 00 eng d |
| 050 ## - LIBRARY OF CONGRESS CALL NUMBER | |
| Classification number | TR 372.4 |
| Item number | B35 L.1 |
| 100 ## - MAIN ENTRY--PERSONAL NAME | |
| Personal name | Bereiter, Carl |
| 245 ## - TITLE STATEMENT | |
| Title | Phonics kit teacher's guide : |
| Remainder of title | SRA open court reading, L.1 / |
| Statement of responsibility, etc | Carl Berietier ...(et al.). |
| 260 ## - PUBLICATION, DISTRIBUTION, ETC. (IMPRINT) | |
| Place of publication, distribution, etc | Columbus, Ohio : |
| Name of publisher, distributor, etc | SRA/McGraw-Hill, |
| Date of publication, distribution, etc | 2000. |
| 300 ## - PHYSICAL DESCRIPTION | |
| Extent | 66 p. ; cm. |
| 440 ## - SERIES STATEMENT/ADDED ENTRY--TITLE | |
| Title | SRA open court reading, orange |
| 500 ## - GENERAL NOTE | |
| General note | Phonics and fluency--dictation and spelling. |
| 526 ## - STUDY PROGRAM INFORMATION NOTE | |
| Reading level | Grade 3 |
| 650 ## - SUBJECT ADDED ENTRY--TOPICAL TERM | |
| Topical term or geographic name as entry element | Reading |
| General subdivision | Study and teaching. |
| Withdrawn status | Lost status | Damaged status | Use restrictions | Home library | Current library | Shelving location | Date acquired | Source of acquisition | Total Checkouts | Full call number | Barcode | Date last seen | Price effective from | Koha item type |
|---|---|---|---|---|---|---|---|---|---|---|---|---|---|---|
| Munich Library | Munich Library | Teachers Reference Section | 02/22/2011 | TR 372.4 B35 L.1 | M4676 | 04/14/2014 | 04/14/2014 | Books |